Hormonální antikoncepce : zásady bezpečné praxe /

Hlavní autor: Křepelka, Petr
Jazyk: Čeština
Vydáno: Olomouc : Univerzita Palackého v Olomouci, 2024
Vydání: 2., upravené vydání
Edice: Ars medica
Témata:
Fyzický popis: 305 stran : ilustrace (některé barevné) ; 25 cm
Knihy
Uloženo v:
LEADER 01537cam a2200433 i 4500
001 nkc20243628662
003 CZ PrNK
005 20241111122150.0
007 ta
008 240729s2024 xr a f 001 0 cze d
015 |a cnb003628662 
020 |a 978-80-244-6304-9  |q (vázáno) 
035 |a (OCoLC)1459786261 
040 |a KLG001  |b cze  |d OLA001  |e rda 
072 7 |a 613  |x Hygiena. Lidské zdraví  |2 Konspekt  |9 14 
080 |a 613.888.151.7  |2 MRF 
080 |a (048.8)  |2 MRF 
100 1 |a Křepelka, Petr  |7 osa2013777769  |4 aut 
245 1 0 |a Hormonální antikoncepce :  |b zásady bezpečné praxe /  |c Petr Křepelka 
250 |a 2., upravené vydání 
264 1 |a Olomouc :  |b Univerzita Palackého v Olomouci,  |c 2024 
300 |a 305 stran :  |b ilustrace (některé barevné) ;  |c 25 cm 
336 |a text  |b txt  |2 rdacontent 
337 |a bez média  |b n  |2 rdamedia 
338 |a svazek  |b nc  |2 rdacarrier 
490 1 |a Ars medica 
504 |a Obsahuje bibliografie a rejstřík 
650 0 7 |a hormonální antikoncepce  |7 ph120794  |2 czenas 
650 0 9 |a hormonal contraception  |2 eczenas 
655 7 |a monografie  |7 fd132842  |2 czenas 
655 9 |a monographs  |2 eczenas 
830 0 |a Ars medica  |0 s 
910 2 |a BOA001  |b 2-1529.470 
920 |a 1627435  |z KLG001 
990 |a BK 
995 |a 01 
991 |b 202409  |c NOV 
996 6 |b 2610979050  |c 2-1529.470  |l MZK  |r Sklad / do 1 hodiny  |n 0  |p p.v.  |w 001976512  |u 000010  |a 1  |e BOA001  |j MZK50  |s P 
996 7 |b 2610984309  |c 2-1529.470  |l Vol.výběr  |r VV 1p  |n 2  |p kup  |h 618 KŘE  |w 001976512  |u 000020  |a 0  |e BOA001  |j MZK50  |s A